Malá Fatra a Kysucká vrchovina súbor turistických máp
| Format: | Map |
|---|---|
| Language: | English |
| PhysicalDescription: | 1 l. |
| Published: |
Bratislava
Správa geodézie a kartografie na Slovensku
1958
|
MARC
| LEADER | 00000nem a2200000 a 4500 | ||
|---|---|---|---|
| 001 | vtls008691312 | ||
| 003 | SK-MaSNL | ||
| 005 | 20260224074122.0 | ||
| 008 | 060418 abc e 1 eng | ||
| 040 | |a SNK |b slo |c SNK |e AACR2 | ||
| 245 | 1 | |a Malá Fatra a Kysucká vrchovina |h kartografický dokument |b súbor turistických máp | |
| 260 | |a Bratislava |b Správa geodézie a kartografie na Slovensku |c 1958 | ||
| 300 | |a 1 l. | ||
| 999 | |c 910262 |d 912192 | ||
| 952 | |a SNK |b SNK |y VYP |7 0 |p 17A0504846 |o snkSLCm 606 D1 |i snkK 2373/76 |3 rekatalogizácia |0 0 |1 0 |4 0 |d 2006-04-18 |l 0 |r 2026-02-24 07:41:22 |w 2026-02-24 | ||


